000 00701nam a2200241Ia 4500
001 8082
003 GE_BSU
008 181216s||||||||xx |||||||||||||| ||und||
040 _cGE_BSU
080 _a621.315(075.32)
100 _aКорицкий,Ю.В.
245 _aЭлектротехнические материалы.
245 _bУчеб. для техникумов.
245 _cРед. Ю.В.Гончаренко.
250 _aИзд 3-е, перераб.
260 _aМ.
260 _bЭнергия.
260 _c1976.
300 _a320стр.19см.с илл.
300 _eтабл.
653 _aЭлектротехнические материалы.
942 _cBK
999 _c41420
_d41420